000
00307nam a2200133Ia 4500
005
20251222155210.0
008
251222s9999||||xx |||||||||||||| ||spa||
082
_a
MEQ. 65
100
_a
Ministerio Salud
245
0
_a
Vademecum Medicam. Esenciales
250
_a
1ra. ed.
264
_b
Minsa
942
_c
LIB
999
_c
40262
_d
40262